| 000 | 00000nam##2200000za#4500 |
| 001 | 9.575935 |
| 003 | CaOODSP |
| 005 | 20210624184913 |
| 007 | cr ||||||||||| |
| 008 | 150406|2005||||xxc|||||o f|0| 0 eng|d |
| 040 | |aCaOODSP|beng |
| 043 | |an-cn--- |
| 086 | 1 |aBT31-2/2005-III-6E-PDF |
| 110 | 1 |aCanada. |bTreasury Board. |
| 245 | 10|aNational Library of Canada and National Archives of Canada, 2004-2005 estimates, part III, report on plans and priorities |h[electronic resource] |
| 260 | |aOttawa - Ontario : |bTreasury Board of Canada Secretariat |c[2004]. |
| 300 | |a47p.|borganization chart, tables |
| 490 | 1 |a2004-2005 estimates. Part III, Report on plans and priorities |v2004-2005 |
| 590 | |a13-05-Supp|b2013-02-27 |
| 775 | 08|tBibliothèque nationale du Canada et Archives nationales du Canada, budget des dépenses 2004-2005, partie III, rapport sur les plans et priorités |w(CaOODSP)9.605309 |
| 830 | #0|a2004-2005 estimates. Part III, Report on plans and priorities ;|v2004-2005|w(CaOODSP)9.506263 |
| 856 | 40|ahttp://publications.gc.ca|qPDF|s361 KB|uhttps://publications.gc.ca/collections/collection_2013/sct-tbs/BT31-2-2005-III-6-eng.pdf|y2004-2005 |